Fundamentos de la matemática discreta

Enregistré dans:
Détails bibliographiques
Auteur principal: Gorbátov, Viacheslav A (Auteur)
Format: Livre
Langue:espagnol
Publié: Moscú Mir 1988
Sujets:
Tags: Ajouter un tag
Pas de tags, Soyez le premier à ajouter un tag!

MARC

LEADER 00000nam a2200000 a 4500
001 UCW1480
003 CL-VaPUC
005 20230712110705.0
008 920708e19880000RU |||||||||||||||||spa|d
999 |c 216367  |d 216365 
040 |c Pontificia Universidad Católica de Valparaíso 
082 0 4 |a 004.151  |b GOR  |2 21 
100 0 |a Gorbátov, Viacheslav A  |e author  |9 305472 
245 1 0 |a Fundamentos de la matemática discreta 
260 |a Moscú  |b Mir  |c 1988 
300 |a 340 p 
583 |a last modification  |c 20120529 01:18:11  |k Rodrigo Vera 
650 0 |a Ciencia de la computación  |9 260608  |x Matemáticas 
942 |c BK  |2 ddc 
945 |d 19920708 00:00:00